000 00542 a2200205 4500
005 20260225110523.0
008 260225b |||||||| |||| 00| 0 eng d
020 _a9788174790910
_cRs. 950.00
040 _aMAIN
082 _a365.66
_bL149W
100 _aLakkaraju, Jayasree
245 _aWomen prisoners in custody
260 _bKaveri Books
_c2008
_aNew Delhi
300 _axxvi, 381
650 _aPrisous- India
650 _aWomen Prisoners
650 _aWomen-Crimes Against
650 _aPrisoners-Legal Status
942 _cBK
999 _c396163
_d396163